Where do migrants go?

Salvato in:
Dettagli Bibliografici
Autore principale: Daveri, Francesco
Altri autori: Faini, Riccardo
Natura: Libro
Lingua:inglese
Pubblicazione: Milano IGIER 1998
Serie:Working paper series Working paper n. 124
Soggetti:
Tags: Aggiungi Tag
Nessun Tag, puoi essere il primo ad aggiungerne!!

MARC

LEADER 00000nam a2200000 4500
001 c109122
005 20221221084912.3
041 0 |a eng 
044 |a IT 
245 1 0 |a Where do migrants go?  |c Francesco Daveri, Riccardo Faini 
264 1 |a Milano  |b IGIER  |c 1998 
300 |a 22 s. 
490 1 |a Working paper series  |v Working paper n. 124 
830 0 |a Working paper series  |v Working paper n. 124 
610 2 0 |a migrácia 
610 2 0 |a nezamestnanosť 
610 2 0 |a mzdy 
610 2 0 |a kontrola 
610 2 0 |a trh finančný 
610 2 0 |a pohyb síl pracovných 
610 2 0 |a riziko 
100 1 |a Daveri, Francesco 
700 1 |a Faini, Riccardo